00876 2200181 4500001002100000005001500021035002000036245003600056100001700092250001700109300003400126260003100160082001000191084001600201020002200217650001800239520043700257INLIS00000000000099620250323071710 a0010-03250000921 aDaur Hidup Ayam /cAnindhita P.0 aAnindhita P. acetakan ke-1 aii, 22 hlm :bilus ;c25,5 cm aSolo :bTiga Ananda,c2019 a598.5 a598.5 ANI d a978-623-206-274-0 4aNonfiksi anak aKapan ayam bertelur? Terbuat dari apa sarang ayam itu? Berapa lama telur menetas menjadi anak ayam? Buku ini dilengkapi fakta-fakta menakjubkan tentang ayam dan daur hidupnya. Selain itu, ada penjelasan tentang telur yang berubah menjadi anak ayam, lalu tumbuh menjadi ayam dewasa. Foto-foto di dalamnya akan memudahkan kamu memahami isi buku ini. Selamat bertualang menjelajahi daur hidup ayam! Penulis: Anindhita P.